To byl váš hit! Šedesátá léta české hity let šedesátých, sedmdesátých a osmdesátých 1

Podrobná bibliografia
Médium: Kniha
Jazyk:neznámy jazyk
PhysicalDescription:1 kompaktná platňa stereo
Vydavateľské údaje: [Praha] Bonton Music a.s. 1998
Predmet:

MARC

LEADER 00000nam a2200000 a 4500
001 vtls001380355
003 SK-MaSNL
005 20260301161350.0
008 251124s1998 xr 0 und
035 |a SNK000334346 
040 |a SNK  |b slo  |c SNK  |e AACR2 
044 |a CZ 
080 |a 784.66:785.1(086.7)  |2 1981 
245 1 |a To byl váš hit! Šedesátá léta  |h zvukový dokument  |b české hity let šedesátých, sedmdesátých a osmdesátých  |n 1 
260 |a [Praha]  |b Bonton Music a.s.  |c 1998 
300 |a 1 kompaktná platňa  |b stereo 
505 0 |a Obsahuje 22 piesní 
650 0 7 |a populárna hudba  |x platne kompaktné  |2 SNK  |9 283660 
655 7 |a kompaktné platne  |2 SNK  |9 70690 
999 |c 809149  |d 811079 
952 |t P65, <07>, [BOOK], {657}  |a SNK  |b SNK  |y PREZ  |7 0  |p 17A0222906  |o snkICD 909/1  |i snkJK 613/99  |0 0  |1 0  |4 0  |d 2000-01-10  |l 0  |r 2005-01-02 00:00:00  |w 2026-02-24